|
|
|
|
| LEADER |
00000nam1a2200000 4500 |
| 001 |
277536 |
| 005 |
20231101235026.0 |
| 020 |
|
|
|a RU
|b 86-28427
|
| 035 |
|
|
|a (RuTPU)RU\TPU\book\300811
|
| 090 |
|
|
|a 277536
|
| 100 |
|
|
|a 20141203d1986 k y0rusy5003 ca
|
| 101 |
0 |
|
|a rus
|
| 200 |
1 |
|
|a Электромагнитные волны в атмосфере и космическом пространстве
|e [сборник статей]
|f Академия наук СССР (АН СССР), Институт радиотехники и электроники (ИРЭ) ; отв. ред. А. В. Соколов , А. А. Семенов
|
| 210 |
|
|
|a Москва
|c Наука
|d 1986
|
| 215 |
|
|
|a 271 с.
|c ил.
|d 22 см
|
| 320 |
|
|
|a Библиогр. в конце статей
|
| 606 |
1 |
|
|a Электромагнитные волны
|x Распространение в атмосфере
|2 stltpush
|3 (RuTPU)RU\TPU\subj\20174
|9 45295
|
| 610 |
1 |
|
|a распространение в плазме
|
| 610 |
1 |
|
|a приземные слои
|
| 610 |
1 |
|
|a космические трассы
|
| 610 |
1 |
|
|a радиоволны
|
| 610 |
1 |
|
|a миллиметровые волны
|
| 610 |
1 |
|
|a рассеяние
|
| 610 |
1 |
|
|a ослабление
|
| 610 |
1 |
|
|a дожди
|
| 610 |
1 |
|
|a атмосфера
|
| 610 |
1 |
|
|a поверхности
|
| 610 |
1 |
|
|a дистанционное зондирование
|
| 610 |
1 |
|
|a видимое излучение
|
| 610 |
1 |
|
|a инфракрасное излучение
|
| 675 |
|
|
|a 621.371.3
|z rus
|v 4
|
| 702 |
|
1 |
|a Соколов
|b А. В.
|g Арсений Васильевич
|4 340
|
| 702 |
|
1 |
|a Семенов
|b А. А.
|4 340
|
| 712 |
0 |
2 |
|a Академия наук СССР (АН СССР)
|b Институт радиотехники и электроники (ИРЭ)
|c (Москва)
|2 stltpush
|3 (RuTPU)RU\TPU\col\14322
|
| 801 |
|
0 |
|a RU
|b RuMRKP
|c 19960704
|g psbo
|
| 801 |
|
1 |
|a RU
|b 63413507
|c 20141203
|
| 801 |
|
2 |
|a RU
|b 63413507
|c 20170406
|g RCR
|
| 942 |
|
|
|c BK
|